Central Library OPAC University of Rajshahi

Food planning : (Record no. 26464)

MARC details
000 -LEADER
fixed length control field 00893nam a2200265 a 4500
001 - CONTROL NUMBER
control field 26464
003 - CONTROL NUMBER IDENTIFIER
rucl marc code BD-RjUL
005 - DATE AND TIME OF LATEST TRANSACTION
control field 20211209051024.0
008 - FIXED-LENGTH DATA ELEMENTS--GENERAL INFORMATION
fixed length control field 140322t1982 ii b 001 0 eng
035 ## - SYSTEM CONTROL NUMBER
System control number (BD-RjUL)26534
040 ## - CATALOGING SOURCE
Original cataloging agency DLC
Transcribing agency DLC
Modifying agency DLC
-- BD-RJUL
Language of cataloging eng
041 ## - LANGUAGE CODE
Language code of text/sound track or separate title eng
082 00 - DEWEY DECIMAL CLASSIFICATION NUMBER
Classification number 363.80954
Edition number 19
Author mark and year RAF 1982
100 1# - MAIN ENTRY--PERSONAL NAME
Personal name Ramachandran, L.
9 (RLIN) 81375
245 10 - TITLE STATEMENT
Title Food planning :
Remainder of title some vital aspects, focussing attention on some vital but altogether neglected aspects of the food problem and advocating a new approach /
Statement of responsibility, etc. L. Ramachandran.
260 ## - PUBLICATION, DISTRIBUTION, ETC. (IMPRINT)
Place of publication, distribution, etc. New Delhi :
Name of publisher, distributor, etc. Allied,
Date of publication, distribution, etc. 1982.
300 ## - PHYSICAL DESCRIPTION
Pagination xiii, 392 p. ;
Size 22 cm.
504 ## - BIBLIOGRAPHY, ETC. NOTE
Bibliography, etc Includes bibliographical references and index.
650 #0 - SUBJECT ADDED ENTRY--TOPICAL TERM
Topical term or geographic name as entry element Diet
Geographic subdivision India.
9 (RLIN) 38006
Topical term or geographic name as entry element Food supply
Geographic subdivision India.
9 (RLIN) 81376
Topical term or geographic name as entry element Agriculture
Geographic subdivision India.
9 (RLIN) 8337
942 ## - ADDED ENTRY ELEMENTS (KOHA)
Source of classification or shelving scheme Dewey Decimal Classification
Koha item type Books
Holdings
Lost status Source of classification or shelving scheme Damaged status Not for loan Collection code Permanent Location Current Location Shelving location Date acquired Source of acquisition Cost, normal purchase price Total Checkouts Full call number Date last seen Copy number Koha item type
  Dewey Decimal Classification     Non-fiction Central Library, University of Rajshahi Central Library, University of Rajshahi   27/04/1985 Tulip 60.00   363.80954 RAF 1982 22/03/2014 C-5 Books
  Dewey Decimal Classification     Non-fiction Central Library, University of Rajshahi Central Library, University of Rajshahi   27/04/1985 Tulip 60.00   363.80954 RAF 1982 05/06/2017 C-3 Books
  Dewey Decimal Classification     Non-fiction Central Library, University of Rajshahi Central Library, University of Rajshahi   27/04/1985 Tulip 60.00   363.80954 RAF 1982 05/06/2017 C-2 Books
  Dewey Decimal Classification     Non-fiction Central Library, University of Rajshahi Central Library, University of Rajshahi   27/04/1985 Tulip 60.00   363.80954 RAF 1982 05/06/2017 C-4 Books
  Dewey Decimal Classification     Non-fiction Central Library, University of Rajshahi Central Library, University of Rajshahi   27/04/1985 Tulip 60.00   363.80954 RAF 1982 05/06/2017 C-6 Books